| 000 | 00852nam a2200217Ia 4500 | ||
|---|---|---|---|
| 003 | GCL | ||
| 005 | 20240530095425.0 | ||
| 008 | 140319s9999 xx 000 0 ara d | ||
| 020 | _a2414509953 | ||
| 040 |
_aGCL / _cGCL |
||
| 082 | 0 | 4 |
_a956.708 _bخ م |
| 100 | 1 | _aخيرالدين حسيب | |
| 245 | 1 | 0 |
_aمستقبل العراق : _bالاحتلال - المقاومة - التحرير والديمقراطية / _cخيرالدين حسيب |
| 260 |
_aبيروت : _bمركز دراسات الوحدة العربية ، _c2004 |
||
| 300 |
_a268 ص ؛ _c24 سم |
||
| 490 |
_aسلسلة كتب المستقبل العربى _v35 |
||
| 650 | 0 | 4 | _aالعراق - تاريخ - العصر الحديث - صدام حسين |
| 650 | 0 | 4 | _aاحتلال العراق |
| 650 | 0 | 4 | _aالاعتداء الامريكى على العراق |
| 942 |
_2ddc _cBK |
||
| 999 |
_c7121 _d7121 |
||